Az egészséges környezethez való jog védelmének európai tendenciái napjainkban

Even though the recognition and protection of human rights appeared in international law in the middle of the 20th century, an effective protection system for the human right to a healthy environment exists neither at the international nor at the European level. The initiatives aiming at regulating...

Teljes leírás

Elmentve itt :
Bibliográfiai részletek
Szerző: Greksza Veronika
Testületi szerző: Alapelvek és alapjogok (2014) (Szeged)
Dokumentumtípus: Könyv része
Megjelent: 2015
Sorozat:Szegedi Jogász Doktorandusz Konferenciák 5
Alapelvek és alapjogok 5
Kulcsszavak:Környezeti jog, Környezetvédelmi jog
Tárgyszavak:
Online Access:http://acta.bibl.u-szeged.hu/74929
LEADER 01886naa a2200265 i 4500
001 acta74929
005 20231205112516.0
008 220328s2015 hu o 1|| hun d
020 |a 978-963-306-404-7 
022 |a 2063-3807 
040 |a SZTE Egyetemi Kiadványok Repozitórium  |b hun 
041 |a hun 
041 |a eng 
100 1 |a Greksza Veronika 
245 1 3 |a Az egészséges környezethez való jog védelmének európai tendenciái napjainkban  |h [elektronikus dokumentum] /  |c  Greksza Veronika 
260 |c 2015 
300 |a 173-181 
490 0 |a Szegedi Jogász Doktorandusz Konferenciák  |v 5 
490 0 |a Alapelvek és alapjogok  |v 5 
520 3 |a Even though the recognition and protection of human rights appeared in international law in the middle of the 20th century, an effective protection system for the human right to a healthy environment exists neither at the international nor at the European level. The initiatives aiming at regulating the right to a healthy environment as a whole, and not only its procedural aspects as for example in the Aarhus Convention, have met with no success until now. This article examines the chances for regulating partial rights of the right to a healthy environment, for example the right to water. Thereby, it presents a possible protection system for the right to a healthy environment at the European level from the perspective of an EU citizen, taking into account European tendencies such as the “Right2Water” European Citizens’ Initiative on the one hand, and efforts of the UN with reference to the right to water on the other hand. 
650 4 |a Társadalomtudományok 
650 4 |a Jogtudomány 
695 |a Környezeti jog, Környezetvédelmi jog 
710 |a Alapelvek és alapjogok (2014) (Szeged) 
856 4 0 |u http://acta.bibl.u-szeged.hu/74929/1/szegedi_jogasz_doktorandusz_konf_005_173-181.pdf  |z Dokumentum-elérés